Huidige landen van de Sovjet-Unie (USSR) - Statistieken

Algemene statistieken
  • Deze quiz is 2.494 keer genomen
  • De gemiddelde score is 13 van 15
Antwoordstatistieken
Land % Correct
Oekraïne
95%
Belarus
93%
Estland
92%
Letland
92%
Rusland
91%
Litouwen
90%
Kazachstan
85%
Georgië
84%
Armenië
82%
Azerbeidzjan
80%
Moldavië
79%
Oezbekistan
77%
Turkmenistan
77%
Kirgizië
73%
Tadzjikistan
73%
Geen overeenkomende quizzen gevonden
Scoreverdeling
Procent van Mensen met Elke Score
Percentiel versus Aantal Correcte Antwoorden
Uw Scoregeschiedenis
U heeft deze quiz nog niet genomen